00868nam a22002057a 450000500170000001000150001702000260003203500140005803700090007208200120008124500730009325000070016626000490017327001090022230000260033150001240035794200260048199900190050795201360052620240614111718.0 aENG-140605 c375.00a9789354498473 aEN-124137 bDBAD a540210 aPearson IIT Foundation Chemistry 2022/bBy Robert Johnston...[et.al] a10 aNoidabPearson India Education Pvt Ltdc2022 a1st Floor, Berger Tower, Plot No. C-001/2, Sector 16BbNoidae201301mcompanysecretary.india@pearson.com avp.c28cm(pbk)bIndex aA Pathway to Crack JEE Useful for NTSE and Other Olympiad Exams Revised as per the CBSE and NCERT Curriculum Guidelines 2ddccENh540mPEAe10 c203599d203599 001040708NFICaLbLd2024-06-14eDBADg375.00l1o540 PEApEN-124137r2024-11-08 00:00:00s2024-10-28t1v375.00w2024-06-14yEN